| 000 | 00909nam a2200277 i 4500 | ||
|---|---|---|---|
| 003 | DO-SdBNP | ||
| 005 | 20240820103811.0 | ||
| 007 | ta | ||
| 008 | 240820s2024 dr 000 j spa d | ||
| 020 | _a9789945476026 | ||
| 040 |
_aDO-SdBNP _bspa _cBNPHU _erda |
||
| 082 |
_222 _bM425c |
||
| 100 | 1 |
_aMateo, Manuel Antonio _d1951- _eautor _986361 |
|
| 245 | 1 | 0 |
_aCooperativas y cooperativismo : _bteoría, organización y gestión / _cManuel Ant. Mateo |
| 264 | 1 |
_aSanto Domingo : _bFotomegraf, _c[2024]. |
|
| 300 |
_a310 páginas, _c23 cm. |
||
| 336 |
_2rdacontent _atexto _btxt |
||
| 337 |
_2rdamedia _asin mediación _bn |
||
| 338 |
_2rdacarrier _avolumen _bnc |
||
| 500 | _aIncluye datos biografícos del autor en la contraportada. | ||
| 504 | _aBibliografía p: 307-309. | ||
| 590 | _aInventariado, 2024/ YL | ||
| 650 | 4 |
_aTuberculosis _xTratamiento _979001 |
|
| 910 | _aYLockward | ||
| 942 |
_2ddc _cLBS1 |
||
| 999 |
_c57488 _d57488 |
||